ნორმალური ფორმატი
MARC ფორმატი
ჩანაწერი Personal Name
ჩანაწერთა რაოდენობა, რომელიც გამოყენებულია: 1
001 - CONTROL NUMBER
- control field: 10271
003 - CONTROL NUMBER IDENTIFIER
- control field: GE_BSU
005 - DATE AND TIME OF LATEST TRANSACTION
- control field: 20210228224625.0
008 - FIXED-LENGTH DATA ELEMENTS
- fixed length control field: 210228|| aca||aabn | a|a d
040 ## - CATALOGING SOURCE
- Original cataloging agency: GE_BSU
- Transcribing agency: GE_BSU
100 ## - HEADING--PERSONAL NAME
- Personal name: აბაშიძე, ზაალ
- Relator term: რედაქტორი
670 ## - SOURCE DATA FOUND
- Source citation: Work cat.: (GE_BSU)53615: ჯავახიშვილი, ივანე 10270, მასალები ძველი ქართული სამართლისა და ეკონომიკის ტერმინოლოგიისათვის = Materials for Old Georgian Juridical and Economic Terminology :
